000 00972cam a2200313 a 4500
001 2879750
003 OSt
005 20140310182246.0
008 861125s1987 mau 000 1 eng
010 _a 86027497
020 _a0395429226 :
_c$17.95
040 _aDLC
_cDLC
_dDLC
050 0 0 _aPS 3560
_b.J79 1950
082 0 0 _aFIC J69s
_b1987
100 1 _aJong, Erica.
_919590
245 1 0 _aSerenissima :
_ba novel of Venice /
_cErica Jong.
260 _aBoston :
_bHoughton Mifflin,
_c1987.
300 _a225 p. ;
_c25 cm.
600 1 0 _aShakespeare, William,
_d1564-1616
_xFiction.
_919591
650 0 _aDramatists
_xFiction.
_919592
650 0 _aActresses
_xFiction.
_919593
650 0 _aTime travel
_xFiction.
_919594
651 0 _aVenice (Italy)
_xFiction.
_919595
655 7 _aBiographical fiction.
_2gsafd
_912822
655 7 _aFantastic fiction.
_2gsafd
_94903
906 _a7
_bcbc
_corignew
_d1
_eocip
_f19
_gy-gencatlg
942 _2lcc
_cBK-FIC
999 _c11263
_d11263